000 00524nam a2200169Ia 4500
008 090711s9999 xx 000 0 und d
082 _b23598
100 _aरॉयSाौधरी एस. पी.
245 _aजमीन आणि माती
260 _c1966
300 _a172
600 _aरॉयSाौधरी एस. पी.
630 _aजमीन आणि माती
700 _aरॉयSाौधरी एस. पी.
730 _aजमीन आणि माती
942 _cBOOK
999 _c296498
_d296498